000 00511nam a22001697a 4500
999 _c18399
_d18399
008 200803b xxu||||| |||| 00| 0 eng d
020 _a1284109412
100 _aLedlow, Gerald R.
245 _aLeadership for Health Professionals
_bTheory, skills and applications
_cGerald R. ledlow
250 _a3rd ed.
260 _aBurlington
_bJones & Bartlett
_c2018
300 _axxviii, 503p.
650 _aHealth services administration
650 _aLeadership
700 _aJames H. Stephens
942 _2lcc
_cBK